Представление документа в формате MARC21

Поле Инд. ПП Название Значение
Тип записи a
Библиографический уровень b
001 Контрольный номер RU/IS/BASE/377027364
005 Дата корректировки 20200522191508.8
084 a Индекс другой классификации/Индекс ББК 65.240.51(2Рос); 60.561.23(2Рос)
100 1_ a Автор Курило А. Е.
q Полное имя Курило Анна Евгеньевна
245 a Заглавие Самозанятость, неформальная занятость, малое предпринимательство: определение и разграничение понятий
504 a Библиография Лит. в конце статьи
520 a Аннотация Прослеживаются теоретические подходы к определению понятия "самозанятость". Рассматриваются практические возможности реализации предпринимательской инициативы населения через самозанятость, которая способствует снижению напряженности на региональном рынке труда.
650 a Основная рубрика социология
a Основная рубрика социология труда
a Основная рубрика трудовые ресурсы
a Основная рубрика экономика
a Основная рубрика экономика труда
a Основная рубрика экономическая социология
653 a Ключевые слова вторичная занятость
a Ключевые слова домашние хозяйства (домохозяйства)
a Ключевые слова доходы населения
a Ключевые слова занятость
a Ключевые слова индивидуальная трудовая деятельность
a Ключевые слова Карелия
a Ключевые слова личные подсобные хозяйства
a Ключевые слова малое предпринимательство
a Ключевые слова неформальная занятость
a Ключевые слова предпринимательство
a Ключевые слова регионы России
a Ключевые слова Россия
a Ключевые слова рынок труда
a Ключевые слова самозанятость населения
a Ключевые слова численность самозанятых
773 t Заглавие источника Народонаселение
d Дата издания источника 2011
g Прочая информация № 3. - С. 59 - 68 : табл.
w Контрольный № источника RU/IS/BASE/373121050
901 t Тип документа b